Представление документа в формате RUSMARC

ПолеНазваниеЗначение
  Тип записи a
  Библиографический уровень m
001 Контрольный номер RU/IS/BASE/480607453
005 Дата корректировки 20240221201502.3
010 Индекс ISBN __
b Уточнения в пер.
d Цена 3017 р. 00 к.
9 Тираж экз.
100 Данные общей обработки __
a Данные общей обработки 20150325d2015 ||| 0rusy0189 ca
101 Язык документа 0_
a Язык текста rus
102 Страна публикации __
a Страна публикации RU
105 Кодированные данные (монография) __
a Кодированные данные (монография) y###||||000|y
200 Заглавие и сведения об ответственности 1_
a Заглавие Два персика
b Общее обозначение материала Текст
e Сведения, относящиеся к заглавию повесть
e Сведения, относящиеся к заглавию рассказы
f Первые сведения об ответственности Ф. Алиева
g Последующие сведения об ответственности авториз. пер. с авар М. Магомедова
210 Выходные данные 1_
a Место издания Москва
c Издательство Советский писатель
d Дата издания 1990
215 Физическое описание __
a Объем 413 с.
c Иллюстрации/тип воспроизводства ил.
d Формат см.
300 Общие примечания __
a Общие примечания Ограничения по возрасту - +
300 Общие примечания __
a Общие примечания Под инв. номером 51111: 5н-1
606 Тематические рубрики 0_
a Основная рубрика Дагестанская литература
686 Индексы других классификаций __
a Классификационный индекс 84(2Рос=Даг)
2 Код системы ББК
700 Автор _0
a Фамилия Алиева
b Имя (инициалы) Фазу
g Полное личное имя Ф.
801 Источник записи _0
a Страна RU
b Организация МБУК ЦБС
c Дата составления 20150325
g Правила каталогизации RCR
801 Источник записи _1
a Страна RU
b Организация МБУК ЦБС г. Ульяновска
c Дата составления 20150325
g Правила каталогизации RCR
899 Данные о местонахождении __
i Авторский знак А 50
j Расстановочный фильтр Р6=Даг
901 Тип документа __
t Тип документа m
910 Корректоры записи __
a Корректор записи Егорова